Vista normal Vista MARC
  • JÓVENES

Entrada Topical Term

Número de registros utilizados en: 11

001 - CONTROL NUMBER

  • control field: 7337

003 - CONTROL NUMBER IDENTIFIER

  • control field: OSt

005 - DATE AND TIME OF LATEST TRANSACTION

  • control field: 20160330111718.0

008 - FIXED-LENGTH DATA ELEMENTS

  • fixed length control field: 160330|| aca||aabn | a|a d

040 ## - CATALOGING SOURCE

  • Original cataloging agency: OSt
  • Transcribing agency: OSt

150 ## - HEADING--TOPICAL TERM

  • Topical term or geographic name entry element: JÓVENES

670 ## - SOURCE DATA FOUND

  • Source citation: Work cat.: (OSt): Promoción de la salud sexual en jóvenes , 2013